000 00739nam a22001815i 4500
001 163519
003 ES-MaACL
005 20250814063248.0
008 951113s1851 sp a |||| | spa d
040 _aCARM
_bspa
_cCCPB | SIC
100 1 _aRico y Sinobas, Manuel,
_d1819-1898
_9131804
245 1 0 _aMemoria sobre las causas meteorológico-físicas que producen las constantes sequias de Murcia y Almería, señalando los medios de atenuar sus efectos ... /
_csu autor Manuel Rico y Sinobas.
260 _aMadrid :
_b[s.n.],
_c1851 (
_fImp. a cargo de D.S. Compagni)
300 _a391 p., [9] h. pleg. ;
_c23 cm.
599 1 _aLas 9 h. son gráficos.
852 _aES-MaACL
_jF-6030
_z-- Enc. hol.
999 _c163519
_d163519